Sports Quiz

Random Sports or Baseball Quiz

Top 50 Active MLB HR Leaders (Updated 6/20/13) Quiz Stats

 Plays Quiz not verified by Sporcle

Challenge
Share
Tweet
Embed
Score 0/51 Timer 09:00
0 Plays Today
Player % Correct
Alex Rodriguez
99.1%
Albert Pujols
95.3%
Aramis Ramirez
91%
Ryan Howard
90.2%
David Ortiz
89.9%
Prince Fielder
86.8%
Hanley Ramirez
86.1%
Miguel Cabrera
84.3%
Paul Konerko
81.8%
Adam Dunn
81.7%
Mark Teixeira
81.4%
Ryan Braun
80.4%
Derek Jeter
79.9%
Chase Utley
79.6%
Carlos Beltran
79.5%
David Wright
78.6%
Josh Hamilton
78%
Todd Helton
76.1%
Alfonso Soriano
75.2%
Lance Berkman
74.7%
Matt Holliday
73.5%
Robinson Cano
72.3%
Jose Bautista
71.7%
Jason Giambi
71.3%
Jimmy Rollins
70.9%
Justin Morneau
70.5%
Player % Correct
Adrian Gonzalez
69.9%
Adrian Beltre
68.8%
Michael Young
68.3%
Curtis Granderson
65.7%
Torii Hunter
65%
Raul Ibanez
64.9%
Carlos Pena
63.4%
Nick Swisher
61.4%
Vernon Wells
59.5%
Travis Hafner
58.2%
Miguel Tejada
56.4%
Ryan Zimmerman
55.9%
Jason Bay
55.7%
Edwin Encarnacion
53%
Brian McCann
51.2%
Eric Chavez
48.7%
Mark Reynolds
47.6%
Dan Uggla
40.3%
Michael Cuddyer
30.1%
Adam LaRoche
30%
A.J. Pierzynski
21.9%
Josh Willingham
20.9%
Juan Uribe
15.7%
Ramon Hernandez
10.8%
Ty Wigginton
3.8%

You're not logged in!

Compare scores with friends on all Sporcle quizzes.
Join for Free
OR
Log In

You Might Also Like...

Show Comments

Extras

Top Quizzes Today


Score Distribution

Your Account Isn't Verified!

In order to create a playlist on Sporcle, you need to verify the email address you used during registration. Go to your Sporcle Settings to finish the process.

Report this User

Report this user for behavior that violates our Community Guidelines.

Details: